Które miasto w Azji? - Statystyki

Ogólne statystyki
  • Ten quiz został rozwiązany 91 razy
  • Średni wynik to 15 z 25
Statystyki odpowiedzi
Opis Miasto % Poprawnych
Jokohama jest przedmieściem tego miasta T Tokio
97%
Posiada najwyższy budynek na świecie D Dubaj
96%
Święte miasto dla muzułmanów, żydów i chrześcijan J Jerozolima
94%
Znajduje się na dwóch kontynentach S Stambuł
92%
Ostateczny cel pielgrzymki Hadżdż M Mekka
90%
Największy rosyjski port morski na Pacyfiku W Władywostok
81%
Największe miasto w Mezopotamii B Bagdad
80%
Miasto w pobliżu jeziora Bajkał I Irkuck
77%
Gdzie można znaleźć Gangnam S Seul
76%
Obsługiwane przez lotniska Pudong i Hongqiao S Szanghaj
76%
Stolica Malediwów M Male
75%
Największe miasto w indyjskim stanie Goa, nazwane na cześć portugalskiego odkrywcy V Vasco da Gama
66%
Miejsce akcji „Slumdog Millionaire” M Mumbaj
62%
Megamiasto w Pakistanie K Karaczi
59%
Największe miasto na Hokkaido S Sapporo
57%
Tutaj mieszka Terakotowa Armia X Xi'an
52%
Znany również jako Sajgon H Ho Chi Minh
47%
Japońskie miasto słynące z wołowiny K Kobe
43%
Dawna rezydencja Dalajlamy L Lhasa
39%
Lokalizacja Tadź Mahal A Agra
28%
Miasto liczące 10 milionów mieszkańców, położone na północ od Hongkongu S Shenzhen
27%
Chińskie miasto słynące z festiwalu rzeźb lodowych H Harbin
18%
Birmańskie miasto, nazwane na cześć kasyna w Las Vegas M Mandalaj
15%
Główne miasto na wyspie Bali D Denpasar
13%
Miasto w Bangladeszu z drugą najdłuższą plażą na świecie C {Cox}'s Bazar
1%
Nie znaleziono quizów pasujących do podanych kryteriów
Rozkład punktacji
Procent ludzi z każdym wynikiem
Percentyl według liczby udzielonych odpowiedzi
Twoja historia wyników
Nie rozwiązałeś tego quizu